[Event "Titled Tuesday 2024.08.20 Early"]
[Site "chess.com INT"]
[Date "2024.08.20"]
[Round "1"]
[White "Hansen, Eric"]
[Black "Jammalamadaka, Vihaan"]
[Result "1-0"]
[WhiteElo "2610"]
[BlackElo "1919"]
[PlyCount "115"]
[GameId "2130307538171781"]
[EventDate "2024.08.20"]
[EventType "swiss (blitz)"]
[EventRounds "11"]
[EventCountry "NET"]
[SourceTitle "The Week in Chess 1555"]
[Source "Mark Crowther"]
[SourceDate "2024.08.26"]
[SourceVersion "1"]
[SourceVersionDate "2024.08.26"]
[SourceQuality "2"]

1. e4 d5 2. exd5 Qxd5 3. Nc3 Qa5 4. Nf3 Nf6 5. Bc4 Bg4 6. h3 Bh5 7. d3 e6 8. g4 Bg6 9. Qe2 Nbd7 10. Bd2 Qb6 11. O-O-O O-O-O 12. Nh4 Bd6 13. f4 Rhe8 14. Rde1 Nd5 15. Bxd5 exd5 16. Qxe8 Nc5 17. Qe2 d4 18. Nd1 Qa6 19. Kb1 f6 20. Nxg6 hxg6 21. h4 Qb6 22. Bc1 Na4 23. Ka1 a5 24. h5 gxh5 25. Rxh5 Kb8 26. Qe6 Nc5 27. Qc4 a4 28. a3 Na6 29. Rb5 Qa7 30. Qxa4 c6 31. Ra5 Kc7 32. g5 Qb6 33. Rxa6 bxa6 34. gxf6 gxf6 35. Qc4 Rd7 36. Nf2 f5 37. Nh3 Qa5 38. Re6 Kc8 39. Qxc6+ Qc7 40. Qxc7+ Kxc7 41. Ng5 Rd8 42. Nf7 Rg8 43. Nxd6 Rg1 44. Kb1 Rf1 45. Rf6 Kd7 46. Nxf5 Re1 47. Nxd4 Kc7 48. Nf3 Re7 49. Ne5 Kb7 50. d4 Rc7 51. c4 Rc8 52. Kc2 Rd8 53. Kd3 Rh8 54. Be3 Rh3 55. d5 Rh1 56. Rb6+ Ka8 57. Nc6 Rd1+ 58. Kc2 1-0

[Event "Titled Tuesday 2024.08.20 Early"]
[Site "chess.com INT"]
[Date "2024.08.20"]
[Round "3"]
[White "Hansen, Eric"]
[Black "De Boer, Eelke"]
[Result "1-0"]
[WhiteElo "2610"]
[BlackElo "2384"]
[PlyCount "83"]
[GameId "2130307538200633"]
[EventDate "2024.08.20"]
[EventType "swiss (blitz)"]
[EventRounds "11"]
[EventCountry "NET"]
[SourceTitle "The Week in Chess 1555"]
[Source "Mark Crowther"]
[SourceDate "2024.08.26"]
[SourceVersion "1"]
[SourceVersionDate "2024.08.26"]
[SourceQuality "2"]

1. e4 c5 2. Nf3 d6 3. d4 cxd4 4. Nxd4 Nf6 5. Nc3 a6 6. Be2 e5 7. Nb3 Be7 8. g4 h6 9. f4 Nc6 10. f5 b5 11. Be3 Bb7 12. a3 Rc8 13. Bf3 b4 14. axb4 Nxb4 15. O-O O-O 16. Bf2 Qc7 17. Ra4 d5 18. exd5 Rfd8 19. Qe2 Nfxd5 20. Nxd5 Nxd5 21. Re1 Bb4 22. c3 Nf4 23. Qe3 Rd3 24. Rxb4 Bxf3 25. Qxe5 Ne2+ 26. Rxe2 Rd1+ 27. Be1 Bxe2 28. Qxe2 Rb1 29. Kg2 Rd8 30. Nd4 a5 31. Bg3 Qd7 32. Rb5 Ra1 33. h4 a4 34. Qf3 Rb1 35. Kh3 a3 36. bxa3 Rxb5 37. Nxb5 Qxb5 38. f6 g6 39. Qe3 Kh7 40. Qe7 Qd7 41. c4 Qd3 42. Qxf7+ 1-0

[Event "Titled Tuesday 2024.08.20 Early"]
[Site "chess.com INT"]
[Date "2024.08.20"]
[Round "5"]
[White "Bazakutsa, Svyatoslav"]
[Black "Hansen, Eric"]
[Result "1/2-1/2"]
[WhiteElo "2493"]
[BlackElo "2610"]
[PlyCount "194"]
[GameId "2130307538208984"]
[EventDate "2024.08.20"]
[EventType "swiss (blitz)"]
[EventRounds "11"]
[EventCountry "NET"]
[SourceTitle "The Week in Chess 1555"]
[Source "Mark Crowther"]
[SourceDate "2024.08.26"]
[SourceVersion "1"]
[SourceVersionDate "2024.08.26"]
[SourceQuality "2"]

1. b3 e5 2. Bb2 Nc6 3. e3 Nf6 4. Nf3 Bd6 5. c4 O-O 6. Nc3 Re8 7. Ng5 h6 8. Nge4 Nxe4 9. Nxe4 Bf8 10. g4 d5 11. cxd5 Nb4 12. a3 Qxd5 13. Qb1 Nc6 14. Bc4 Qd8 15. Rg1 Be6 16. g5 Bxc4 17. bxc4 Re6 18. f4 exf4 19. Nf6+ Rxf6 20. Bxf6 Qd6 21. Bc3 fxe3 22. dxe3 Qxh2 23. Rf1 Re8 24. Qd3 Qh4+ 25. Ke2 Qg4+ 26. Ke1 Bc5 27. Bd2 Qh4+ 28. Ke2 Qh5+ 29. Ke1 Ne5 30. Qf5 hxg5 31. Bc3 Qh4+ 32. Ke2 Qxc4+ 33. Kd2 Rd8+ 34. Kc2 Qe2+ 35. Kb1 Qd3+ 36. Qxd3 Nxd3 37. Kc2 Bb6 38. Rad1 Re8 39. Rxd3 f6 40. Rd7 Re6 41. Rd8+ Kh7 42. Rd7 Kg6 43. e4 Rxe4 44. a4 Rxa4 45. Re1 Rf4 46. Ree7 Kf5 47. Rxg7 a5 48. Rdf7 Ke6 49. Rf8 a4 50. Rg6 Kd5 51. Rfxf6 Rg4 52. Rf5+ Kc4 53. Rfxg5 Rh4 54. Rg4+ Rxg4 55. Rxg4+ Kb5 56. Kd3 c5 57. Bb2 Ba5 58. Kc2 b6 59. Kb1 Bb4 60. Ka2 Bd2 61. Re4 Bb4 62. Ba3 Ba5 63. Kb2 Bd2 64. Kc2 Bg5 65. Kd3 Bf6 66. Re1 Bd4 67. Rb1+ Kc6 68. Kc4 Be5 69. Rh1 b5+ 70. Kd3 b4 71. Bxb4 cxb4 72. Kc4 Bc3 73. Rf1 Kd6 74. Rh1 Ke5 75. Rh6 Ke4 76. Ra6 a3 77. Kb3 Kd3 78. Ra8 Kd2 79. Rg8 Kd3 80. Rg1 Kd2 81. Rh1 Ke2 82. Rc1 Kd3 83. Rh1 Kd4 84. Rf1 Ke4 85. Rh1 Kd3 86. Rf1 Ke3 87. Rh1 Kf2 88. Rh2+ Kg3 89. Rh1 Kg2 90. Rd1 Kf3 91. Rh1 Ke2 92. Rh2+ Kd1 93. Rh1+ Kd2 94. Rh2+ Kc1 95. Rh1+ Kd2 96. Rh2+ Kc1 97. Rh1+ Kd2 1/2-1/2

[Event "Titled Tuesday 2024.08.20 Early"]
[Site "chess.com INT"]
[Date "2024.08.20"]
[Round "6"]
[White "Hansen, Eric"]
[Black "Atakhan, Abtin"]
[Result "1-0"]
[WhiteElo "2610"]
[BlackElo "2412"]
[PlyCount "73"]
[GameId "2130307538213174"]
[EventDate "2024.08.20"]
[EventType "swiss (blitz)"]
[EventRounds "11"]
[EventCountry "NET"]
[SourceTitle "The Week in Chess 1555"]
[Source "Mark Crowther"]
[SourceDate "2024.08.26"]
[SourceVersion "1"]
[SourceVersionDate "2024.08.26"]
[SourceQuality "2"]

1. e4 c6 2. Nf3 d5 3. Nc3 dxe4 4. Nxe4 Nf6 5. d3 Nxe4 6. dxe4 Qxd1+ 7. Kxd1 Bg4 8. Be2 e5 9. Nxe5 Bxe2+ 10. Kxe2 Nd7 11. Nxd7 Kxd7 12. Rd1+ Ke6 13. Be3 Bb4 14. c3 Ba5 15. f4 Bb6 16. g4 h5 17. g5 g6 18. Kf3 Rhd8 19. Bd4 Bxd4 20. cxd4 Rd6 21. Rac1 Rad8 22. Ke3 Ke7 23. h4 Ke6 24. Rc5 Ke7 25. b4 a6 26. a4 Ra8 27. f5 b6 28. e5 bxc5 29. exd6+ Kxd6 30. dxc5+ Ke5 31. fxg6 fxg6 32. Rd4 Rb8 33. a5 Rb7 34. Kd3 Re7 35. b5 Rb7 36. b6 Ke6 37. Rd6+ 1-0

[Event "Titled Tuesday 2024.08.20 Early"]
[Site "chess.com INT"]
[Date "2024.08.20"]
[Round "8"]
[White "Norowitz, Yaacov"]
[Black "Hansen, Eric"]
[Result "0-1"]
[WhiteElo "2402"]
[BlackElo "2610"]
[PlyCount "148"]
[GameId "2130307538221538"]
[EventDate "2024.08.20"]
[EventType "swiss (blitz)"]
[EventRounds "11"]
[EventCountry "NET"]
[SourceTitle "The Week in Chess 1555"]
[Source "Mark Crowther"]
[SourceDate "2024.08.26"]
[SourceVersion "1"]
[SourceVersionDate "2024.08.26"]
[SourceQuality "2"]

1. d4 Nf6 2. e3 c5 3. c3 Qc7 4. Nf3 d6 5. Be2 e5 6. dxe5 dxe5 7. Nbd2 Nc6 8. e4 Be7 9. O-O O-O 10. Qc2 a6 11. a4 h6 12. Nc4 Be6 13. Ne3 Rfd8 14. Bc4 Bxc4 15. Nxc4 b5 16. axb5 axb5 17. Rxa8 Rxa8 18. Ne3 c4 19. Nd5 Qb7 20. h3 Nd7 21. Be3 Bc5 22. Qd2 Bxe3 23. Qxe3 Qa7 24. Qe2 Nc5 25. Rd1 Nd3 26. Ne1 Nc5 27. g3 Nd8 28. Kg2 Nde6 29. h4 Qa2 30. Rd2 Qb1 31. Rd1 Qxe4+ 32. Qxe4 Nxe4 33. Nf3 f6 34. h5 N6c5 35. Ne7+ Kf7 36. Nf5 Nd3 37. Ne1 Nexf2 38. Rb1 Ra2 39. Nxd3 Nxd3 40. Kf3 Nxb2 41. Nd6+ Ke6 42. Nxb5 Na4 43. Nc7+ Kd6 44. Ne8+ Kc5 45. Nxg7 Nxc3 46. Rb8 Nb5 47. Rc8+ Kb4 48. Nf5 Nd4+ 49. Kg4 Nxf5 50. Kxf5 Rf2+ 51. Kg6 e4 52. Kxh6 e3 53. Kg7 e2 54. Re8 c3 55. h6 c2 56. h7 Rh2 57. Rxe2 Rxh7+ 58. Kxh7 c1=Q 59. Re6 Qg5 60. Re7 Kc5 61. Rg7 Qh5+ 62. Kg8 Kd6 63. g4 Qe8+ 64. Kh7 Ke5 65. g5 Qh5+ 66. Kg8 fxg5 67. Re7+ Kf6 68. Re3 Qg6+ 69. Kf8 Qg7+ 70. Ke8 Qg8+ 71. Kd7 Qd5+ 72. Ke8 Qc6+ 73. Kd8 Qb6+ 74. Kd7 Qxe3 0-1

[Event "Titled Tuesday 2024.08.20 Early"]
[Site "chess.com INT"]
[Date "2024.08.20"]
[Round "10"]
[White "Hansen, Eric"]
[Black "Camlar, Arda"]
[Result "1/2-1/2"]
[WhiteElo "2610"]
[BlackElo "2426"]
[PlyCount "84"]
[GameId "2130307538225738"]
[EventDate "2024.08.20"]
[EventType "swiss (blitz)"]
[EventRounds "11"]
[EventCountry "NET"]
[SourceTitle "The Week in Chess 1555"]
[Source "Mark Crowther"]
[SourceDate "2024.08.26"]
[SourceVersion "1"]
[SourceVersionDate "2024.08.26"]
[SourceQuality "2"]

1. e4 c5 2. Nf3 e6 3. d4 cxd4 4. Nxd4 Nf6 5. Nc3 Nc6 6. Nxc6 bxc6 7. e5 Nd5 8. Ne4 Bb7 9. Be2 c5 10. O-O Qc7 11. Nd6+ Bxd6 12. exd6 Qc6 13. f3 c4 14. Qd4 O-O 15. Bxc4 Qxd6 16. Rd1 Rfc8 17. Bb3 Qb6 18. c4 Qxd4+ 19. Rxd4 Nb6 20. Be3 d5 21. cxd5 Bxd5 22. Bd1 Nc4 23. Bc1 f6 24. b3 Nd6 25. Rd2 Kf7 26. Be2 Rc6 27. Kf2 a5 28. Ba3 a4 29. Bxd6 Rxd6 30. b4 a3 31. Rc1 Rd7 32. b5 Ke7 33. Ke3 Ra4 34. Rc3 Rda7 35. Rdc2 Kd6 36. Rc8 Rb4 37. Rd8+ Rd7 38. Rxd7+ Kxd7 39. Rc3 Ra4 40. Rc2 Rb4 41. Rc3 Ra4 42. Rc2 Rb4 1/2-1/2

[Event "Titled Tuesday 2024.08.20 Early"]
[Site "chess.com INT"]
[Date "2024.08.20"]
[Round "11"]
[White "Shandrygin, Nikita"]
[Black "Hansen, Eric"]
[Result "1-0"]
[WhiteElo "2209"]
[BlackElo "2610"]
[PlyCount "53"]
[GameId "2130307538229919"]
[EventDate "2024.08.20"]
[EventType "swiss (blitz)"]
[EventRounds "11"]
[EventCountry "NET"]
[SourceTitle "The Week in Chess 1555"]
[Source "Mark Crowther"]
[SourceDate "2024.08.26"]
[SourceVersion "1"]
[SourceVersionDate "2024.08.26"]
[SourceQuality "2"]

1. Nf3 Nf6 2. g3 g6 3. Bg2 Bg7 4. O-O O-O 5. d4 d5 6. b3 Ne4 7. Bb2 c5 8. Nbd2 Nc6 9. e3 Bg4 10. h3 Nxd2 11. Qxd2 Bxf3 12. Bxf3 cxd4 13. exd4 Rc8 14. c3 e6 15. h4 h5 16. Rfd1 Qb6 17. g4 hxg4 18. Bxg4 Qd8 19. h5 Qh4 20. Qe2 Ne7 21. Rd3 gxh5 22. Bxh5 Nf5 23. Bg4 Rfe8 24. Rh3 Qg5 25. Kh1 e5 26. Rh5 Nxd4 27. cxd4 1-0

[Event "Titled Tuesday 2024.08.13 Early"]
[Site "chess.com INT"]
[Date "2024.08.13"]
[Round "1"]
[White "Hansen, Eric"]
[Black "Breuil, Virgile"]
[Result "1-0"]
[WhiteElo "2610"]
[BlackElo "2251"]
[PlyCount "93"]
[GameId "2130307539975898"]
[EventDate "2024.08.13"]
[EventType "swiss (blitz)"]
[EventRounds "11"]
[EventCountry "NET"]
[SourceTitle "The Week in Chess 1554"]
[Source "Mark Crowther"]
[SourceDate "2024.08.19"]
[SourceVersion "2"]
[SourceVersionDate "2024.08.19"]
[SourceQuality "2"]

1. e4 e5 2. Nf3 Nc6 3. Bc4 Bc5 4. c3 Nf6 5. d3 a5 6. O-O h6 7. Re1 O-O 8. d4 Bd6 9. h3 Re8 10. Nbd2 Bf8 11. Bb5 exd4 12. cxd4 Na7 13. Bd3 d6 14. Nf1 Nc6 15. Ng3 b6 16. a3 Bb7 17. Bf4 Ne7 18. Rc1 Ng6 19. Bd2 c5 20. d5 Nd7 21. Bb5 Qc7 22. Bc3 Red8 23. Nf5 Nde5 24. Nxe5 dxe5 25. Qf3 Bc8 26. Red1 Nf4 27. Ne3 Bd6 28. Nc4 Ba6 29. Bxa6 Rxa6 30. a4 Raa8 31. b3 Rdb8 32. Ra1 Qe7 33. Kh2 b5 34. axb5 Rxb5 35. Ra3 Rab8 36. Rb1 a4 37. Rxa4 Rxb3 38. Rxb3 Rxb3 39. Nxd6 Qxd6 40. Bxe5 Qxe5 41. Qxb3 Ne2+ 42. g3 Nd4 43. Qd3 Qf6 44. Kg2 Qb6 45. e5 Qb7 46. Qe4 Qb3 47. Ra8+ 1-0

[Event "Titled Tuesday 2024.08.13 Early"]
[Site "chess.com INT"]
[Date "2024.08.13"]
[Round "2"]
[White "Assylov, Miras"]
[Black "Hansen, Eric"]
[Result "0-1"]
[WhiteElo "2300"]
[BlackElo "2610"]
[PlyCount "124"]
[GameId "2130307539975975"]
[EventDate "2024.08.13"]
[EventType "swiss (blitz)"]
[EventRounds "11"]
[EventCountry "NET"]
[SourceTitle "The Week in Chess 1554"]
[Source "Mark Crowther"]
[SourceDate "2024.08.19"]
[SourceVersion "2"]
[SourceVersionDate "2024.08.19"]
[SourceQuality "2"]

1. d4 Nf6 2. c4 e6 3. Nf3 Bb4+ 4. Nbd2 O-O 5. a3 Be7 6. e3 b6 7. Bd3 Bb7 8. O-O c5 9. b3 cxd4 10. Nxd4 d6 11. Bb2 a6 12. e4 Nbd7 13. Re1 Rc8 14. b4 Rc7 15. Rc1 Qa8 16. Bb1 Rfc8 17. f4 g6 18. N4f3 b5 19. e5 Ng4 20. h3 bxc4 21. hxg4 c3 22. Bxc3 Rxc3 23. Rxc3 Rxc3 24. Ne4 Bxe4 25. Bxe4 Qa7+ 26. Kh1 dxe5 27. fxe5 Rxa3 28. Bc6 Bxb4 29. Re2 Bc3 30. Qxd7 Qxd7 31. Bxd7 Kf8 32. Kh2 h6 33. Re4 a5 34. Ra4 Rb3 35. Bc6 Bb4 36. Ra2 Rc3 37. Be4 Rc4 38. Bc2 Rxg4 39. Kg1 Rc4 40. Kf2 g5 41. Ke2 g4 42. Ne1 Bxe1 43. Kxe1 Rc5 44. Kf2 Rxe5 45. Kg3 h5 46. Ra3 Rc5 47. Ba4 Kg7 48. Kh4 Kf6 49. Ra2 Ke7 50. Ra3 Re5 51. Ra2 f6 52. Bb3 f5 53. Ba4 f4 54. g3 f3 55. Bb3 Kd6 56. Rd2+ Kc5 57. Ba4 Kb4 58. Be8 Re2 59. Rd1 Re5 60. Bxh5 f2 61. Rf1 Rf5 62. Bxg4 Rf6 0-1

[Event "Titled Tuesday 2024.08.13 Early"]
[Site "chess.com INT"]
[Date "2024.08.13"]
[Round "5"]
[White "Hansen, Eric"]
[Black "Kucuksari, Kaan"]
[Result "0-1"]
[WhiteElo "2610"]
[BlackElo "2455"]
[PlyCount "102"]
[GameId "2130307539988600"]
[EventDate "2024.08.13"]
[EventType "swiss (blitz)"]
[EventRounds "11"]
[EventCountry "NET"]
[SourceTitle "The Week in Chess 1554"]
[Source "Mark Crowther"]
[SourceDate "2024.08.19"]
[SourceVersion "2"]
[SourceVersionDate "2024.08.19"]
[SourceQuality "2"]

1. e4 e5 2. Nf3 Nc6 3. Bc4 Bc5 4. c3 Nf6 5. d3 d6 6. O-O a5 7. Re1 O-O 8. h3 h6 9. Nbd2 Ba7 10. Nf1 Re8 11. Ng3 Be6 12. Bb5 Bd7 13. Nh2 d5 14. Qf3 Nd4 15. cxd4 Bxb5 16. dxe5 Rxe5 17. Bf4 Re6 18. e5 Nd7 19. Ng4 Nc5 20. Rad1 Rg6 21. Nf5 Ne6 22. Bxh6 gxh6 23. Nfxh6+ Kh7 24. Qxf7+ Ng7 25. Nf5 Qf8 26. Qxf8 Rxf8 27. Nfe3 c6 28. b3 Kh8 29. a4 Ba6 30. g3 Ne6 31. Kg2 Nd4 32. f4 b5 33. Nf6 b4 34. g4 Nxb3 35. f5 Rgxf6 36. exf6 Rxf6 37. g5 Rf8 38. f6 Nc5 39. Ng4 Nxd3 40. Re7 Bc5 41. Rc7 b3 42. Nh6 b2 43. Nf7+ Kg8 44. Nh6+ Kh8 45. g6 Nf4+ 46. Kh1 Nxg6 47. Nf7+ Rxf7 48. Rxf7 Bd3 49. Rc7 Be4+ 50. Kh2 Bd6+ 51. Kg1 Bxc7 0-1

[Event "Titled Tuesday 2024.08.13 Early"]
[Site "chess.com INT"]
[Date "2024.08.13"]
[Round "9"]
[White "Hansen, Eric"]
[Black "Antoniou, Rafail"]
[Result "1-0"]
[WhiteElo "2610"]
[BlackElo "2007"]
[PlyCount "83"]
[GameId "2130307540001207"]
[EventDate "2024.08.13"]
[EventType "swiss (blitz)"]
[EventRounds "11"]
[EventCountry "NET"]
[SourceTitle "The Week in Chess 1554"]
[Source "Mark Crowther"]
[SourceDate "2024.08.19"]
[SourceVersion "2"]
[SourceVersionDate "2024.08.19"]
[SourceQuality "2"]

1. e4 c5 2. Nf3 e6 3. d4 cxd4 4. Nxd4 Nf6 5. Nc3 Nc6 6. Nxc6 bxc6 7. e5 Nd5 8. Ne4 Qc7 9. f4 Qb6 10. c4 Ne3 11. Qd3 Bb4+ 12. Ke2 Nxc4 13. Kf3 Ba6 14. Qc2 Qd4 15. a3 Be7 16. Qc3 Qxc3+ 17. Nxc3 Rb8 18. Be2 Rb6 19. b4 c5 20. b5 Bb7+ 21. Kg3 d5 22. Bxc4 dxc4 23. Rd1 f6 24. a4 a5 25. Be3 fxe5 26. fxe5 Rf8 27. Rf1 Bd5 28. Rxf8+ Bxf8 29. Rd1 Ba8 30. Rc1 Rb8 31. Nb1 Bd5 32. Nd2 c3 33. Rxc3 c4 34. Nxc4 Bb4 35. Rc1 Kd7 36. Nb6+ Ke7 37. Rc7+ Kd8 38. Rxg7 Be1+ 39. Kh3 h5 40. Bg5+ Ke8 41. Nxd5 Rc8 42. Rg8+ 1-0

[Event "Titled Tuesday 2024.08.13 Early"]
[Site "chess.com INT"]
[Date "2024.08.13"]
[Round "10"]
[White "Parpiev, Isaak"]
[Black "Hansen, Eric"]
[Result "1-0"]
[WhiteElo "2305"]
[BlackElo "2610"]
[PlyCount "59"]
[GameId "2130307540005401"]
[EventDate "2024.08.13"]
[EventType "swiss (blitz)"]
[EventRounds "11"]
[EventCountry "NET"]
[SourceTitle "The Week in Chess 1554"]
[Source "Mark Crowther"]
[SourceDate "2024.08.19"]
[SourceVersion "2"]
[SourceVersionDate "2024.08.19"]
[SourceQuality "2"]

1. e4 c5 2. Nf3 e6 3. c3 Nf6 4. Bd3 d5 5. e5 Nfd7 6. Qe2 c4 7. Bc2 Nc6 8. O-O g5 9. b3 g4 10. Nd4 cxb3 11. Nxc6 bxc6 12. axb3 h5 13. d4 a5 14. Bd3 Qb6 15. b4 Ra7 16. bxa5 Rxa5 17. Rxa5 Qxa5 18. f4 c5 19. f5 Be7 20. Be3 Bb7 21. Qf2 Kd8 22. fxe6 fxe6 23. Qf7 Ba6 24. Bxa6 Qxa6 25. Re1 Bh4 26. g3 Be7 27. Nd2 Qd3 28. Qxe6 Qxc3 29. Qxd5 cxd4 30. Qa8+ 1-0

[Event "Titled Tuesday 2024.08.13 Late"]
[Site "chess.com INT"]
[Date "2024.08.13"]
[Round "2"]
[White "Spyropoulos, Nikolaos"]
[Black "Hansen, Eric"]
[Result "0-1"]
[WhiteElo "2421"]
[BlackElo "2610"]
[PlyCount "106"]
[GameId "2130307540013775"]
[EventDate "2024.08.13"]
[EventType "swiss (blitz)"]
[EventRounds "11"]
[EventCountry "NET"]
[SourceTitle "The Week in Chess 1554"]
[Source "Mark Crowther"]
[SourceDate "2024.08.19"]
[SourceVersion "2"]
[SourceVersionDate "2024.08.19"]
[SourceQuality "2"]

1. e4 c5 2. Nf3 e6 3. d4 cxd4 4. Nxd4 a6 5. Bd3 Qc7 6. Qe2 d6 7. c4 Nf6 8. Nc3 b6 9. O-O Bb7 10. f4 g6 11. f5 gxf5 12. exf5 e5 13. Nc2 Rg8 14. Ne3 Nbd7 15. Ned5 Nxd5 16. Nxd5 Bxd5 17. cxd5 Nf6 18. Be3 Qb7 19. Rad1 b5 20. a4 bxa4 21. Bc2 Qb5 22. Bd3 Qb7 23. Ra1 Qxd5 24. Rxa4 Be7 25. Bxa6 Rb8 26. Bc4 Qc6 27. Ra6 Qe4 28. Bb5+ Kd8 29. Bb6+ Rxb6 30. Qxe4 Nxe4 31. Rxb6 Kc7 32. Rc6+ Kb7 33. Rc2 Nf6 34. Rfc1 Bd8 35. Bc6+ Kb8 36. Rd1 Bb6+ 37. Kf1 Rd8 38. Rcd2 Kc7 39. Bd5 Nxd5 40. Rxd5 Bc5 41. R5d3 Rb8 42. R1d2 Rb4 43. g3 Kd7 44. Ke2 Ke7 45. Rc2 Kf6 46. Rd5 Kxf5 47. Kd3 Ke6 48. Rdxc5 dxc5 49. Kc3 e4 50. Rf2 f5 51. g4 fxg4 52. Rf4 e3 53. Rf1 Ke5 0-1

[Event "Titled Tuesday 2024.08.13 Late"]
[Site "chess.com INT"]
[Date "2024.08.13"]
[Round "4"]
[White "Hansen, Eric"]
[Black "Antoniou, Rafail"]
[Result "1-0"]
[WhiteElo "2610"]
[BlackElo "2007"]
[PlyCount "103"]
[GameId "2130307540017970"]
[EventDate "2024.08.13"]
[EventType "swiss (blitz)"]
[EventRounds "11"]
[EventCountry "NET"]
[SourceTitle "The Week in Chess 1554"]
[Source "Mark Crowther"]
[SourceDate "2024.08.19"]
[SourceVersion "2"]
[SourceVersionDate "2024.08.19"]
[SourceQuality "2"]

1. Nf3 d5 2. g3 e6 3. Bg2 Nf6 4. O-O Be7 5. c4 O-O 6. d4 c6 7. Qc2 b6 8. Rd1 Nbd7 9. Nbd2 Ba6 10. b3 Rc8 11. e4 dxe4 12. Nxe4 Nxe4 13. Qxe4 Nf6 14. Qc2 Qc7 15. Bf4 Bd6 16. Bxd6 Qxd6 17. c5 Qc7 18. Ne5 Nd5 19. Rac1 f6 20. cxb6 axb6 21. Bxd5 exd5 22. Qxc6 Qxc6 23. Nxc6 Kf7 24. Nb4 Bb7 25. f3 h5 26. Kf2 g5 27. a4 h4 28. g4 Kg6 29. Re1 Rfe8 30. Rxe8 Rxc1 31. Re7 Bc8 32. h3 Rb1 33. Nxd5 Rxb3 34. Re3 Rb2+ 35. Re2 Rxe2+ 36. Kxe2 Ba6+ 37. Kf2 b5 38. Nc7 b4 39. Nd5 b3 40. Nc3 b2 41. Ke3 Kf7 42. d5 Ke7 43. Kd2 Bf1 44. a5 Kd6 45. Kc2 Bxh3 46. a6 b1=Q+ 47. Kxb1 Bg2 48. a7 h3 49. a8=Q h2 50. Qb8+ Kc5 51. Qxh2 Bxf3 52. Qf2+ 1-0

[Event "Titled Tuesday 2024.08.13 Late"]
[Site "chess.com INT"]
[Date "2024.08.13"]
[Round "5"]
[White "Sindarov, Javokhir"]
[Black "Hansen, Eric"]
[Result "1-0"]
[WhiteElo "2674"]
[BlackElo "2610"]
[PlyCount "71"]
[GameId "2130307540022159"]
[EventDate "2024.08.13"]
[EventType "swiss (blitz)"]
[EventRounds "11"]
[EventCountry "NET"]
[SourceTitle "The Week in Chess 1554"]
[Source "Mark Crowther"]
[SourceDate "2024.08.19"]
[SourceVersion "2"]
[SourceVersionDate "2024.08.19"]
[SourceQuality "2"]

1. e4 e5 2. Nf3 Nc6 3. Bc4 Bc5 4. Nc3 Nf6 5. d3 d6 6. Na4 h6 7. Nxc5 dxc5 8. Bb5 Qd6 9. Bxc6+ bxc6 10. b3 Be6 11. O-O Nd7 12. Be3 O-O 13. Nd2 f6 14. Kh1 a5 15. a4 Qe7 16. Qe1 f5 17. exf5 Rxf5 18. f3 Bd5 19. Ne4 Kh7 20. Rd1 Rf7 21. Rd2 g5 22. Bg1 Raf8 23. h3 Rg8 24. Rdf2 Ra8 25. Re2 Rff8 26. Nf2 h5 27. Ne4 Rg8 28. Ref2 Rg6 29. Ng3 Rh6 30. Nf5 Qf6 31. Nxh6 Kxh6 32. Bh2 Kg6 33. Re2 Re8 34. Kg1 Qf5 35. Qxa5 Rf8 36. Qe1 1-0

[Event "Titled Tuesday 2024.08.13 Late"]
[Site "chess.com INT"]
[Date "2024.08.13"]
[Round "8"]
[White "Jacobson, Aaron"]
[Black "Hansen, Eric"]
[Result "1-0"]
[WhiteElo "2390"]
[BlackElo "2610"]
[PlyCount "55"]
[GameId "2130307540026379"]
[EventDate "2024.08.13"]
[EventType "swiss (blitz)"]
[EventRounds "11"]
[EventCountry "NET"]
[SourceTitle "The Week in Chess 1554"]
[Source "Mark Crowther"]
[SourceDate "2024.08.19"]
[SourceVersion "2"]
[SourceVersionDate "2024.08.19"]
[SourceQuality "2"]

1. e4 c5 2. Nf3 e6 3. d4 cxd4 4. Bg5 Qc7 5. Nxd4 Nc6 6. Nxc6 bxc6 7. Nc3 Rb8 8. Rb1 Nf6 9. Bd3 Bd6 10. Bxf6 gxf6 11. Qg4 Bb7 12. Qh4 Be7 13. O-O h5 14. f4 c5 15. Bc4 Bc6 16. b3 f5 17. Qg3 fxe4 18. Qg7 Rf8 19. f5 Bd6 20. fxe6 dxe6 21. Bxe6 Bxh2+ 22. Kh1 Qe5 23. Bxf7+ Ke7 24. Qh7 Rh8 25. Qg6 Kd7 26. Be6+ Kc7 27. Rf7+ Kb6 28. Nd5+ 1-0

[Event "Titled Tuesday 2024.08.13 Late"]
[Site "chess.com INT"]
[Date "2024.08.13"]
[Round "9"]
[White "Hansen, Eric"]
[Black "Vlachos, Anatole"]
[Result "1-0"]
[WhiteElo "2610"]
[BlackElo "2461"]
[PlyCount "55"]
[GameId "2130307540026415"]
[EventDate "2024.08.13"]
[EventType "swiss (blitz)"]
[EventRounds "11"]
[EventCountry "NET"]
[SourceTitle "The Week in Chess 1554"]
[Source "Mark Crowther"]
[SourceDate "2024.08.19"]
[SourceVersion "2"]
[SourceVersionDate "2024.08.19"]
[SourceQuality "2"]

1. e4 c5 2. Nf3 Nc6 3. Bb5 Nf6 4. Bxc6 dxc6 5. d3 Qc7 6. Nbd2 e5 7. O-O Be6 8. Qe2 h6 9. Nc4 Nd7 10. a4 a5 11. Bd2 g5 12. Bc3 f6 13. Nfd2 b6 14. Ne3 h5 15. Nf5 O-O-O 16. Nc4 Bxf5 17. exf5 g4 18. Nd2 Bh6 19. Ne4 Rhg8 20. Be1 h4 21. c3 Bf8 22. Rb1 b5 23. axb5 cxb5 24. Ra1 a4 25. c4 b4 26. Rxa4 Nb6 27. Ra1 Qd7 28. Nxf6 1-0

[Event "Split op"]
[Site "Split CRO"]
[Date "2024.08.03"]
[Round "1.1"]
[White "Hansen, Eric"]
[Black "Antonini, Luigi"]
[Result "1-0"]
[WhiteElo "2610"]
[BlackElo "1912"]
[PlyCount "65"]
[GameId "2130307540503922"]
[EventDate "2024.08.03"]
[EventType "swiss"]
[EventRounds "10"]
[EventCountry "CRO"]
[SourceTitle "10 Days #768"]
[Source "ChessMix"]
[SourceDate "2024.08.20"]
[SourceVersion "1"]
[SourceVersionDate "2024.08.20"]
[SourceQuality "1"]

1. e4 e5 2. Nf3 Nc6 3. Bb5 a6 4. Ba4 Nf6 5. O-O b5 6. Bb3 Be7 7. Re1 O-O 8. h3 d6 9. c3 Na5 10. Bc2 c5 11. d4 Qc7 12. Nbd2 Nc6 13. d5 Nd8 14. a4 Qb7 15. b3 Ne8 16. Nf1 f6 17. Ng3 g6 18. Qe2 Rb8 19. Bh6 Ng7 20. Ra2 b4 21. cxb4 Qxb4 22. Rb1 a5 23. Bd3 Qb6 24. Nd2 Qa7 25. Nc4 Nb7 26. Rf1 Bd7 27. Qe1 Bd8 28. f4 Bc7 29. Raf2 Qa8 30. Rf3 Rbe8 31. Qf2 Qd8 32. fxe5 fxe5 33. Rf7 1-0